| 000 | 00563nam a22001937a 4500 | ||
|---|---|---|---|
| 003 | BD-DhJNU | ||
| 005 | 20250504070631.0 | ||
| 008 | 250504b |||||||| |||| 00| 0 eng d | ||
| 020 | _a9788185479576 | ||
| 040 |
_aBD-DhJNU _bENG _cBD-DhJNU _dBD-DhJNU |
||
| 082 |
_223 _a305.42 MAS |
||
| 100 | _aMazumdar, Rinita | ||
| 245 |
_aA short introduction to feminist theory / _cRinita Mazumdar |
||
| 250 | _a2nd ed. | ||
| 260 |
_aKolkata : _bAn Anustup Publication, _c2010. |
||
| 300 |
_aix, 281p. : _bill. ; _c24 cm. |
||
| 650 | _aFeminist theory | ||
| 942 |
_2ddc _cBK _n0 |
||
| 999 |
_c1656 _d1656 |
||